Normal view
MARC view
- Khabbab bin Al-aratt
Entry Topical Term
001 - CONTROL NUMBER
- control field: 104179
003 - CONTROL NUMBER IDENTIFIER
- control field: NUST
005 - DATE AND TIME OF LATEST TRANSACTION
- control field: 20221206094131.0
008 - FIXED-LENGTH DATA ELEMENTS
- fixed length control field: 221206|| aca||aabn | a|a d
040 ## - CATALOGING SOURCE
- Original cataloging agency: NUST
- Transcribing agency: NUST
150 ## - HEADING--TOPICAL TERM
- Topical term or geographic name entry element: Khabbab bin Al-aratt
670 ## - SOURCE DATA FOUND
- Source citation: Work cat.: (NUST)190601: Ahmad,Abdul Basit 104175, Khabbab bin Al-Arratt RA: The Teacher, 2000
